| 000 | 01138nam a22002897a 4500 | ||
|---|---|---|---|
| 999 |
_c16322 _d16322 |
||
| 003 | AR-CdUCM | ||
| 008 | 190503b ||||| |||| 00| 0 spa d | ||
| 040 |
_aMUNICIPALIDAD PROVINCIAL DEL CUSCO _cBIBLIOTECA MUNICIPAL DEL CUSCO |
||
| 041 | _heng | ||
| 082 |
_a301.19 / _bK23 |
||
| 100 |
_aKardiner, Abram _935700 |
||
| 245 | _aFronteras psicológicas de la sociedad / | ||
| 260 |
_aMéxico : _bFondo de Cultura Económica, _c1955. |
||
| 300 |
_a512 páginas ; _c22 cm. |
||
| 440 |
_aFondo de Cultura Económica / Sección de Obras de Sociología. _935701 |
||
| 500 | _aFronteras Psicológicas de la Sociedad. | ||
| 505 | _aContenido: La psicología y la ciencia de la sociedad -- La técnica del análisis psicodinámico -- Los comanches -- Análisis de la cultura comanche... | ||
| 650 |
_aPsicología social _94539 |
||
| 650 |
_aComanches _935702 |
||
| 650 |
_aEtnografía y etnología _935703 |
||
| 700 |
_aParres, Ramón (traducción) _935704 |
||
| 700 |
_aLinton, Ralph _95223 |
||
| 700 |
_aDu Bois, Cora Alice _935705 |
||
| 700 |
_aWest, James (colaboradores) _935706 |
||
| 942 |
_2ddc _cLIBROS |
||
| 945 |
_aachl _d2019-05-03 |
||